000 00570nam a2200229Ia 4500
003 OSt
005 20220928111726.0
006 a|||||r|||| 00| 0
007 ta
008 220927b |||||||| |||| 00| 0 eng d
024 _a61369
037 _cTextual
040 _aSDCL
_cSDCL
_beng
041 _2eng
_aeng
082 _aO152:g(p)
100 _aNagendera
_9424741
245 0 _aShalivigyan.
260 _aNew Delhi
_bNational Publihing House
_c1976
300 _a95p
_ccm.
942 _hO152:g(p)
_cTEXL
_2CC
999 _c741602
_d741602